Представление документа в формате RUSMARC

ПолеНазваниеЗначение
  Тип записи a
  Библиографический уровень m
001 Контрольный номер RU/SLIB/B/208755032
005 Дата корректировки 20241127160250.2
010 Индекс ISBN __
d Цена 200-00
101 Язык документа 0_
a Язык текста rus
200 Заглавие и сведения об ответственности 1_
a Заглавие Могучая кучка
e Сведения, относящиеся к заглавию кн. для юношества
f Первые сведения об ответственности Зорина А. П.
b Общее обозначение материала Текст
210 Выходные данные 1_
a Место издания Л.
c Издательство Музыка
d Дата издания 1968
215 Физическое описание __
a Объем 104 с.
601 Наименование организации как предмет 02
a Наименование организации как предмет Могучая кучка, творческое содружество
606 Тематические рубрики __
a Основная рубрика Музыка и зрелищные искусства
606 Тематические рубрики __
a Основная рубрика История музыки
610 Ключевые слова 0_
a Ключевые слова музыкальные организации
a Ключевые слова музыкальные произведения; композиторы; русская музыка; персоналии; музыкальное творчество; музыкальная культура
a Ключевые слова музыкальные школы
a Ключевые слова творческая деятельность
a Ключевые слова творческие содружества
686 Индексы других классификаций __
a Классификационный индекс 85.313(2=411.2)52-022.9
700 Автор _1
a Фамилия Зорина
b Имя А. П.
4 Код отношения 070
801 Источник записи _0
a Страна RU
b Организация Муниципальное бюджетное учреждение культуры "Централизованная библиотечная система" г. Сургут (Центральная городская библиотека им. А. С. Пушкина)
g Правила каталогизации КиК/Михайлова
801 Источник записи _1
a Страна RU
b Организация Муниципальное бюджетное учреждение культуры "Централизованная библиотечная система" г. Сургут (Центральная городская библиотека им. А. С. Пушкина)
g Правила каталогизации КиК/Михайлова
852 Данные о местонахождении __
j Шифр хранения 85.313(2=411.2)52-022.9
c Каталожный индекс 85.313(2)1-8
i Авторский знак З-86
p Инвентарный номер 53871
901 Тип документа __
t Тип документа m
990 Данные о заказе (DOS) __
j Количество экземпляров (DOS) 1
t N записи в КСУ для И/У (DOS) 199501